The noble scholar, jurist, historian


 His Excellency Dr. Abdul Wahhab bin Ibrahim Abu Sulaiman, may Allah have mercy on him.


 He was born in Umm Al-Qura in the year 1356 AH.

الواضح في مشكلات شعر المتنبي / (Record no. 11887)

MARC details
000 -LEADER
fixed length control field 01490cam a2200277 i 4500
003 - CONTROL NUMBER IDENTIFIER
control field SA-RiAUC
005 - DATE AND TIME OF LATEST TRANSACTION
control field 20250918063119.0
008 - FIXED-LENGTH DATA ELEMENTS--GENERAL INFORMATION
fixed length control field 250916s1986 ti g 000 0dara c
040 ## - CATALOGING SOURCE
Original cataloging agency QA-DoQUL
Language of cataloging ara
Transcribing agency SA-RiAUC
Description conventions rda
082 04 - DEWEY DECIMAL CLASSIFICATION NUMBER
Classification number 811.5
Assigning agency SA-RiAUC
090 ## - LOCALLY ASSIGNED LC-TYPE CALL NUMBER (OCLC); LOCAL CALL NUMBER (RLIN)
Classification number (OCLC) (R) ; Classification number, CALL (RLIN) (NR) 811.5
Local cutter number (OCLC) ; Book number/undivided call number, CALL (RLIN) ا ص ف
100 1# - MAIN ENTRY--PERSONAL NAME
Personal name الأصفهاني، عبد الله بن عبد الرحمن،
Dates associated with a name توفي بعد 380 هجري
Relator term مؤلف.
245 12 - TITLE STATEMENT
Title الواضح في مشكلات شعر المتنبي /
Statement of responsibility, etc. تأليف عبد الله بن عبد الرحمن الأصفهاني ؛ تحقيق محمد الطاهر بن عاشور.
250 ## - EDITION STATEMENT
Edition statement الطبعة الثانية.
264 #1 - PRODUCTION, PUBLICATION, DISTRIBUTION, MANUFACTURE, AND COPYRIGHT NOTICE
Place of production, publication, distribution, manufacture تونس :
Name of producer, publisher, distributor, manufacturer الدار التونسية للنشر،
Date of production, publication, distribution, manufacture, or copyright notice 1986
300 ## - PHYSICAL DESCRIPTION
Extent 123 صفحة ؛
Dimensions 24 سم
336 ## - CONTENT TYPE
Content type term نص
Content type code txt
Source rdacontent
Materials specified كتاب
337 ## - MEDIA TYPE
Media type term بدون وسيط
Media type code n
Source rdamedia
338 ## - CARRIER TYPE
Carrier type term مجلد
Carrier type code nc
Source rdacarrier
600 17 - SUBJECT ADDED ENTRY--PERSONAL NAME
Personal name أبو الطيب المتنبي، أحمد بن الحسين بن الحسن،
Dates associated with a name 303-354 هجري
General subdivision نقد وتفسير
Source of heading or term aucnm
650 #7 - SUBJECT ADDED ENTRY--TOPICAL TERM
Topical term or geographic name entry element الشعر العربي
General subdivision تاريخ ونقد
Chronological subdivision العصر العباسي الثاني
Source of heading or term aucsh
700 12 - ADDED ENTRY--PERSONAL NAME
Relationship information تحقيق لـ :
Personal name الأصفهاني، عبد الله بن عبد الرحمن،
Dates associated with a name توفي بعد 380 هجري.
Title of a work الواضح في مشكلات شعر المتنبي
700 1# - ADDED ENTRY--PERSONAL NAME
Personal name بن عاشور، محمد الطاهر،
Dates associated with a name 1296-1393 هجري
Relator term محقق.
942 ## - ADDED ENTRY ELEMENTS (KOHA)
Source of classification or shelving scheme Dewey Decimal Classification
Koha item type Books
Suppress in OPAC No
949 ## - LOCAL PROCESSING INFORMATION (OCLC)
a SA-JeALM
d 250916
u mohamedma123
n 1
Holdings
Withdrawn status Lost status Source of classification or shelving scheme Damaged status Not for loan Home library Current library Date acquired Total checkouts Full call number Barcode Date last seen Price effective from Koha item type
    Dewey Decimal Classification     DR AbdElwahab Library DR AbdElwahab Library 09/18/2025   811.5 ا ص ف 000019167 09/18/2025 09/18/2025 Books